00257 a2200121 4500001000700000020001800007040001100025100002000036240003400056245002900090300000700119362000900126184973 a85-305-0133-0 cMagnum aBarros, Sônia10aUm bichinho só pra mimlpor10aUm bichinho só pra mim a230 a1997